000 00868nam a22002897a 4500
003 CHAP
005 20220329134955.0
008 971013s1976 us r 00010 eng d
010 _a28898
011 _a29870
035 _a33981
040 _cCHAP
082 0 4 _a510
_bL4
100 0 0 _aLee, Virginia.
_965601
245 1 _aBasic mathematics
260 _aNew York :
_bHarper & Row,
_c1976
300 _a384 p.
590 _aBATCH-UPD
_b10
_c20130110
_lUCH01
_h1018
590 _aBATCH-UPD
_b10
_c20130410
_lUCH01
_h0625
590 _aBATCH-UPD
_b10
_c20130914
_lUCH01
_h1803
590 _aCONVERSION
_b10
_c20130109
_lUCH01
_h1317
650 1 4 _aMatemáticas.
_972901
901 _aBK
942 _cLIBRO
949 _a510 L4
_bBC
_cLIBRO
_d33724000136891
_eLIBRO
_fc.2
_h55842
_i33981
_si
_t616.00
949 _a510 L4
_bBC
_cLIBRO
_d33724000137014
_eLIBRO
_h55841
_i33981
_si
_t616.00
999 _c28898
_d28898